000 00647nam a22001817a 4500
003 UA-OsUOA
001 17147
007 ta
008 20040211b un ||||| |||| 00| 0 ukr d
100 _aЧерняк А.
942 _cSA
040 _aUA-OsUOA
_cUA-OsUOA
_dUA-OsUOA
245 _a"Діабет - проблема медико-соціальна"
_b[Розмова з міськ. ендикринологом з лікув. роботи поліклініки №3 А.Черняк]
300 _aС.7
955 _a0
773 0 _w0
_tСім днів
_dРівне
_d2004
_g№2/ 9 січ./
650 7 _aКраєзнавча робота
_2UDC
999 _c303315
_d303315